| 000 | 00438nam a22001457a 4500 | ||
|---|---|---|---|
| 082 |
_a526.99 _bLOW |
||
| 100 |
_aR.P Loweth _939666 |
||
| 245 |
_aManual of offshore surveying for Geoscientisits and Engineers _c Loweth, R.P |
||
| 250 | _a1st | ||
| 260 |
_aLondan _bUK at the univeristy press, Cambridge _c1997 |
||
| 300 |
_ap428. : _bill. ; _c15 cm. |
||
| 526 |
_a0 _b0 _c0 _d526_990000000000000_LOW |
||
| 650 |
_aMCE _9379 |
||
| 942 |
_2ddc _cBK |
||
| 999 |
_c544117 _d544117 |
||